Alcance e implicancias del Convenio 173 de la OIT en procesos liquidatarios y concursales a la luz del precedente "Acevedo" / (Registro nro. 5642)
[ vista simple ]
| 000 -LEADER | |
|---|---|
| fixed length control field | 01636nab a22002417a 4500 |
| 003 - CONTROL NUMBER IDENTIFIER | |
| control field | OSt |
| 005 - DATE AND TIME OF LATEST TRANSACTION | |
| control field | 20251226212415.0 |
| 008 - FIXED-LENGTH DATA ELEMENTS--GENERAL INFORMATION | |
| fixed length control field | 190603e xxum|||| |||| 00| 0 spa d |
| 040 ## - CATALOGING SOURCE | |
| Transcribing agency | PJ |
| 100 ## - MAIN ENTRY--PERSONAL NAME | |
| 9 (RLIN) | 6609 |
| Personal name | Boquin, Gabriela F. |
| 245 10 - TITLE STATEMENT | |
| Title | Alcance e implicancias del Convenio 173 de la OIT en procesos liquidatarios y concursales a la luz del precedente "Acevedo" / |
| Statement of responsibility, etc | Gabriela Fernanda Boquin. |
| 260 ## - PUBLICATION, DISTRIBUTION, ETC. (IMPRINT) | |
| Date of publication, distribution, etc | Ciudad Autónoma de Buenos Aires : |
| Place of publication, distribution, etc | Thomson Reuters La Ley, |
| Name of publisher, distributor, etc | 2025. |
| 300 ## - PHYSICAL DESCRIPTION | |
| Extent | p. 65-76 |
| 500 ## - GENERAL NOTE | |
| General note | Cita: TR LALEY AR/DOC/1041/2025 <br/>Publicado en: RCCyC 2025 (junio). |
| 505 ## - FORMATTED CONTENTS NOTE | |
| Formatted contents note | Sumario: I. Introducción.— II. La OIT y sus convenios para protección laboral ante la insolvencia.— III. El Convenio 173 de la Organización Internacional de Trabajo y la Recomendación 180.— IV. El caso CS "Pinturas y Revestimientos".— V. El caso "Acevedo".— VI. Las contradicciones cortesanas.— VII. La Convención de Viena y el principio de no obstrucción del derecho internacional.— VIII. La obstrucción o frustración del objeto y fines del convenio por parte del Poder Legislativo.— IX. La subordinación del crédito del Estado respecto del crédito laboral.— X. Conclusiones. |
| 505 ## - FORMATTED CONTENTS NOTE | |
| Title | ¿Te interesa el texto completo? Solicitalo al correo: koha@justierradelfuego.gov.ar |
| 650 #0 - SUBJECT ADDED ENTRY--TOPICAL TERM | |
| 9 (RLIN) | 1497 |
| Topical term or geographic name as entry element | CODIGO CIVIL Y COMERCIAL |
| 650 #0 - SUBJECT ADDED ENTRY--TOPICAL TERM | |
| 9 (RLIN) | 1316 |
| Topical term or geographic name as entry element | DERECHO LABORAL |
| 650 #0 - SUBJECT ADDED ENTRY--TOPICAL TERM | |
| 9 (RLIN) | 699 |
| Topical term or geographic name as entry element | FALLOS DE LA CORTE SUPREMA |
| 650 #0 - SUBJECT ADDED ENTRY--TOPICAL TERM | |
| 9 (RLIN) | 1739 |
| Topical term or geographic name as entry element | QUIEBRA |
| 773 0# - HOST ITEM ENTRY | |
| Host Biblionumber | 2713 |
| Host Itemnumber | 3170 |
| Place, publisher, and date of publication | Ciudad Autónoma de Buenos Aires : Thomson Reuters La Ley, 2015- |
| Title | Revista Código Civil y Comercial. Nº 3 - Junio 2025 |
| 942 ## - ADDED ENTRY ELEMENTS (KOHA) | |
| Source of classification or shelving scheme | |
| Koha item type | Analítica Artículo de Revista |
No hay ítems disponibles.
